000 00366nam a22001577a 4500
003 SGT
020 _a978-81-239-2864-7
082 _a616.01
_bB16C
100 _aCLARKE, W.
245 _aBIOTECHNOLOGY INDUSTRIAL MICROBIOLOGY A TEXT BOOK
250 _a1ST
260 _aINDIA
_bCBS PUB
_c2016
300 _a522
650 _aMICROBIOLOGY
942 _2ddc
_cBK
_030
999 _c19675
_d19675